| 000 | 00332nam a22001337a 4500 | ||
|---|---|---|---|
| 040 | _cNUST | ||
| 082 |
_a620 _bWAL'E |
||
| 100 |
_aWALKER, J.D. _957261 |
||
| 245 | _aENGINEERING SCIENCE | ||
| 250 | _aVOLUME II | ||
| 260 |
_aLONDON: _bENGLISH UNIVERSITES PRESS, _c1962. |
||
| 650 |
_aENGINEERING SCIENCE _9132743 |
||
| 942 |
_2ddc _cBK |
||
| 999 |
_c615801 _d615801 |
||